How to read and understand the Bible: (Record no. 9444)

MARC details
000 -LEADER
fixed length control field 00548nam a22001817a 4500
003 - CONTROL NUMBER IDENTIFIER
control field GBCCL
005 - DATE AND TIME OF LATEST TRANSACTION
control field 20241126110712.0
008 - FIXED-LENGTH DATA ELEMENTS--GENERAL INFORMATION
fixed length control field 221212b ||||| |||| 00| 0 eng d
020 ## - INTERNATIONAL STANDARD BOOK NUMBER
International Standard Book Number 9781414391823
040 ## - CATALOGING SOURCE
Transcribing agency gbc
082 ## - DEWEY DECIMAL CLASSIFICATION NUMBER
Classification number 220.61
Item number RIC
100 ## - MAIN ENTRY--PERSONAL NAME
Personal name Richards, Larry
9 (RLIN) 6173
245 ## - TITLE STATEMENT
Title How to read and understand the Bible:
Remainder of title Meeting God in the book you love but never fully understand
260 ## - PUBLICATION, DISTRIBUTION, ETC.
Place of publication, distribution, etc. Bonita Springs, FL :
Name of publisher, distributor, etc. Tyndale montenum,
Date of publication, distribution, etc. 2015
300 ## - PHYSICAL DESCRIPTION
Extent 273p. ;
650 ## - SUBJECT ADDED ENTRY--TOPICAL TERM
Topical term or geographic name entry element Bible
Form subdivision study and teaching
9 (RLIN) 9499
942 ## - ADDED ENTRY ELEMENTS (KOHA)
Source of classification or shelving scheme Dewey Decimal Classification
Koha item type Books
Koha issues (borrowed), all copies 1
Holdings
Withdrawn status Lost status Source of classification or shelving scheme Damaged status Not for loan Home library Current Library Shelving location Date acquired Total checkouts Full call number Barcode Date last seen Date last checked out Copy number Price effective from Koha item type
    Dewey Decimal Classification     GRACE BIBLE COLLEGE GRACE BIBLE COLLEGE Biblical Studies 2022-12-12 1 220.61 RIC 015936 2025-05-01 2023-02-03 c.1 2022-12-12 Books
© Grace Bible College Library 2025